LEADER 01505nam a2200265 u 4500 001 000000025351 003 CaOOAMICUS 005 20070226111444.0 008 950717s1973 it u000 u ita u 035 $a10651062 040 $aPUL$bita 100 1 $aSoldi Rondinini, Gigliola.$0(OLS)http://pul/name/21039 245 10$aPer la storia del Cardinalato nel seolo XV :$b(con l'edizione del trattato De cardinalibus di Martino Garati da Lodi) 260 $aMilano :$bIstituto lombardo di scienze e lettere,$c1973. 300 $a91 p. ;$c25 cm 490 1 $aMemorie dell'Istituto Lombardo-Accademia di Scienze e Lettere.$aClasse di lettere, scienze morali e storiche ;$vvol. 33, fasc. 1 600 14$aGarati, Martino,$dm. 1453.$0(OLS)http://pul/subject/15000 650 4$aCardinali$xStoria$ySec.XV-XVI.$0(OLS)http://pul/subject/15001 830 0$aMemorie dell'Istituto Lombardo-Accademia di Scienze e Lettere.$pClasse di lettere, scienze morali e storiche ;$vvol. 33, fasc. 1.$0(OLS)http://pul/title/4051 850 $aPUL 852 $aPUL$W1$xDP1 Fondo Maccarrone$y58$m1505 E 54$j35466$nBK-PRI$b $qFondi$B35466$CPULBib$Z2$F35466 $H $81 941 1 $a1 961 $aINV: 01594 -- Fondo Mons. M. Maccarrone 996 $6245$aPer la storia del Cardinalato nel seolo XV :$b(con l'edizione del trattato De cardinalibus di Martino Garati da Lodi)$9(OLS)http://pul/title/34938 996 $6260$aMilano :$bIstituto lombardo di scienze e lettere$9(OLS)http://pul/publisher/49515 LEADER 02248nam a2200313 a 4500 001 000000043208 003 CaOOAMICUS 005 20100715120402.0 008 990323s1553 it 000 u lat r 026 $ao-i- S.1.$btot. inDi (3)$c1553 (R) 035 $a10817767 040 $aPUL(R)$bita$dsasa 100 1 $aMantova Benavides, Marco,$d1489-1582.$0(OLS)http://pul/name/27032 245 10$aBassanellus. Mar. Mantui, Bonaviti, Patavini, iuriscon. caesareique comitis minimi, Colloquia seu dialogi. cc. Iuris, nunc primum in literatorum gratiam editi. Additis eiusdem etiam dialogo CCI de elocutione, ac lib. tribus locorum communium, nec non centuria stili Sacri Palacii Apostolici, et curiae Romanae, quae omnia studiosis forte erunt non ingrata. 246 30$aColloquia, seu dialogi. cc. iuris ... 260 $aVenetiis :$bex officina Erasmiana, Vincentii Valgrisii,$c1553. 300 $a[16], 716, [4] p. ;$c8° (18 cm) 500 $aMarca tipografica sul front.: Serpente attorcigliato a bastone a forma di tau sostenuto da mani uscenti da nuvole. Scritta: "Vincent" (Z1036). 500 $aIniziali xil. 500 $aSegnature: [ast.]8 A-Z8 a-y8 662 $aItalia$dVenezia.$0(OLS)http://pul/subject/34951 710 0 $aValgrisi, Vincenzo$4pbl.$0(OLS)http://pul/name/70991 850 $aPUL 852 $aPUL$W1$xDP1 Antico 500$y12$m198 D 4$j58257$nBK-PRI$qStampati Antico$B58257$CPULBib$Z2$F58257 $82 941 1 $a15 961 $aPrecedenti collocazioni: Z-IV-35.Ex libris: "Sac. V. Todeschi".Autore e titolo dell'opera abbreviato sul taglio di piede: "M. MANT. DIAL.".Stato di conservazione: il dorso della coperta è staccato. 996 $6245$aBassanellus. Mar. Mantui, Bonaviti, Patavini, iuriscon. caesareique comitis minimi, Colloquia seu dialogi. cc. Iuris, nunc primum in literatorum gratiam editi. Additis eiusdem etiam dialogo CCI de elocutione, ac lib. tribus locorum communium, nec non centuria stili Sacri Palacii Apostolici, et curiae Romanae, quae omnia studiosis forte erunt non ingrata$9(OLS)http://pul/title/58256 996 $6246$aColloquia, seu dialogi. cc. iuris ...$9(OLS)http://pul/title/58257 996 $6260$aVenetiis :$bex officina Erasmiana, Vincentii Valgrisii$9(OLS)http://pul/publisher/65189 LEADER 00981nam a2200229 u 4500 001 000000116096 003 CaOOAMICUS 005 20090610134451.0 008 090610s1974 it u000 u ita u 040 $aPUL$bita$cMCT 100 1 $aVasina, Augusto,$d1929-$0(OLS)http://pul/name/610 245 10$aRomagna e Toscana nel Medioevo /$cAugusto Vasina. 260 $a[S. l. :$bs. n.],$c1974$eFaenza :$fUnione tipografica art.,$g1974 300 $a48 p. ;$c22 cm 500 $aSul front.: "Conferenza tenuta in Forlì il 28 ottobre 1972". 651 4$aRomagna$xStoria.$0(OLS)http://pul/subject/8893 651 4$aToscana$xStoria$yEvo medio.$0(OLS)http://pul/subject/24504 850 $aPUL 852 $aPUL$W1$xDP1 Fondo Maccarrone$y58$m1518 A 29$j66410$qFondi$B132030$CPULBib$Z2$F132030 $H004501 $82 941 1 $a1 996 $6245$aRomagna e Toscana nel Medioevo$9(OLS)http://pul/title/67419 996 $6260$a[S. l. :$bs. n.]$9(OLS)http://pul/publisher/47882 LEADER 01057naa a2200253 u 4500 001 000000106440 003 CaOOAMICUS 005 20070723172110.0 008 070723s1981 it u000 u ita u 040 $aPUL$bita$dLDB 100 1 $aTabacco, Giovanni,$d1914-2002.$0(OLS)http://pul/name/5799 245 10$aMedioevo :$bV-XV secolo /$cGiovanni Tabacco, Grado Giovanni Merlo. 260 $aBologna :$bIl Mulino,$c1981. 300 $a663 p. ;$c24 cm 490 1 $aLa civiltà europea nella storia mondiale ;$v1 504 $aBibliografia : p. [615]-646. 650 14$aMedioevo$xCiviltà.$0(OLS)http://pul/subject/756 700 1 $aMerlo, Grado Giovanni,$d1945-$0(OLS)http://pul/name/16717 830 3$aLa civiltà europea nella storia mondiale ;$v1.$0(OLS)http://pul/title/75478 850 $aPUL 852 $aPUL$W1$xSL Filosofia 1$y2$m105 E 18$j120021$qStampati$B119515$CPULBib$Z2$F119515 $82 941 1 $a8 996 $6245$aMedioevo :$bV-XV secolo$9(OLS)http://pul/title/134048 996 $6260$aBologna :$bIl Mulino$9(OLS)http://pul/publisher/47928 LEADER 01251nam a2200313 u 4500 001 000000057115 003 CaOOAMICUS 005 20070226120540.0 008 010427s1983 fr u000 u fre u 020 $a2852445824 035 $a10886737 040 $aPUL(R)$bita 100 1 $aJaki, Stanley L.,$cO.S.B.$0(OLS)http://pul/name/7307 245 10$aEt sur ce roc :$ble témoignage d'une terre et de deux testaments /$cStanley L. Jaki. 260 $aParis :$bTéqui,$c1983. 300 $a110 p. ;$c22 cm 490 1 $aCroire et savoir ;$v4 504 $aBibliografia in nota. 600 04$aPetrus,$cs., apostolo.$0(OLS)http://pul/subject/2302 650 4$aPapato.$0(OLS)http://pul/subject/4195 830 0$aCroire et savoir ;$v4.$0(OLS)http://pul/title/16968 850 $aPUL 852 $aPUL$W1$xSL Religione 1$y3$m60 F 30$j74781$nBK-PRI$b $qStampati$B74781$CPULBib$Z2$F74781 $H $81 941 1 $a8 960 $aPietro,$cs., apostolo$92302 961 $aINV: 52417 996 $6020$a2852445824$9(OLS)http://pul/number/72121 996 $6245$aEt sur ce roc :$ble témoignage d'une terre et de deux testaments$9(OLS)http://pul/title/76439 996 $6260$aParis :$bTéqui$9(OLS)http://pul/publisher/50105 LEADER 01361nam a2200337 u 4500 001 000000064613 003 CaOOAMICUS 005 20070226121357.0 008 011121s1998 it u000 u ita u 020 $a8820728206 035 $a10910834 040 $aPUL$bita 041 1 $aita$hfre 100 1 $aGodbout, Jacques T.$0(OLS)http://pul/name/43638 245 12$aL'esperienza del dono :$bnella famiglia e con gli estranei /$cJacques T. Godbout. 260 $aNapoli :$bLiguori,$cc1998. 300 $aviii, 152 p. ;$c21 cm 490 1 $aServizio sociale ;$v10 490 1 $aFormazione 504 $aBibliografia in nota. 650 4$aFamiglia (sociologia).$0(OLS)http://pul/subject/6282 700 1 $aGodbout, Jacques T.$0(OLS)http://pul/name/43638 830 0$aServizio sociale (Liguori) ;$v10.$0(OLS)http://pul/title/65697 830 0$aFormazione (Liguori).$0(OLS)http://pul/title/65698 850 $aPUL 852 $aPUL$W1$xSL Religione 2$y84$mRH A 19$j83744$nBK-PRI$b $qStampati altre collocazioni$B83744$CPULBib$Z2$F83744 $H $81 941 1 $a10 961 $aINV: 86030 996 $6020$a8820728206$9(OLS)http://pul/number/83859 996 $6245$aL'esperienza del dono :$bnella famiglia e con gli estranei$9(OLS)http://pul/title/86078 996 $6260$aNapoli :$bLiguori$9(OLS)http://pul/publisher/48007 LEADER 01147nam a2200289 u 4500 001 000000080111 003 CaOOAMICUS 005 20070226123618.0 008 040624s1997 enkb u000 u eng u 020 $a0415126282 035 $a11001783 040 $aPUL$bita 100 1 $aCohn-Sherbok, Dan.$0(OLS)http://pul/name/37214 245 10$aFifty key Jewish thinkers /$cDan Cohn-Sherbok. 260 $aLondon ;$aNew York :$bRoutledge,$cc1997. 300 $axiii, 132 p. :$bc. geogr. ;$c24 cm 490 1 $aKey concepts 504 $aComprende bibliografia. 650 4$aEbrei$xBiografia.$0(OLS)http://pul/subject/27789 650 4$aFilosofia giudaica.$0(OLS)http://pul/subject/27710 830 0$aKey concepts.$0(OLS)http://pul/title/104937 850 $aPUL 852 $aPUL$W1$xSL Religione 3$y85$m296. 092 COHDA 1$j102358$nBK-PRI$qDDC 21$B102358$CPULBib$Z2$F102358 $HPUL95542 $82 941 1 $a9 996 $6020$a0415126282$9(OLS)http://pul/number/105740 996 $6245$aFifty key Jewish thinkers$9(OLS)http://pul/title/104936 996 $6260$aLondon ;$aNew York :$bRoutledge$9(OLS)http://pul/publisher/52469 LEADER 01382nam a2200325 u 4500 001 000000047278 003 CaOOAMICUS 005 20070226114851.0 008 990730s1985 it u000 u ita u 020 $a8826304327 035 $a10831453 040 $aPUL(R)$bita 100 1 $aBorriello, Luigi,$cO.C.D,$d1947-$0(OLS)http://pul/name/2047 245 13$aLa spiritualità cristiana nell'età contemporanea /$cLuigi Borriello, Giovanna della Croce, Bruno Secondin. 260 $aRoma :$bBorla,$c1985. 300 $a503 p. ;$c24 cm 490 1 $aStoria della spiritualità ;$v6 500 $aContiene indici. 504 $aBibliografia in nota. 650 4$aSpiritualità cristiana.$0(OLS)http://pul/subject/13929 700 1 $aSecondin, Bruno,$cO.C.D.,$d1940-$0(OLS)http://pul/name/34371 700 0 $aGiovanna della Croce,$csuora,$dn. 1921.$0(OLS)http://pul/name/34273 830 0$aStoria della spiritualità ;$v6.$0(OLS)http://pul/title/63571 850 $aPUL 852 $aPUL$W1$xSL Religione 1$y3$m41 F 126$j63208$nBK-PRI$b $qStampati$B63208$CPULBib$Z2$F63208 $H $81 941 1 $a8 961 $aINV: 65347 996 $6020$a8826304327$9(OLS)http://pul/number/58936 996 $6245$aLa spiritualità cristiana nell'età contemporanea$9(OLS)http://pul/title/63636 996 $6260$aRoma :$bBorla$9(OLS)http://pul/publisher/48061 LEADER 01214nam a2200301 a 4500 001 000000153906 003 CaOOAMICUS 005 20160914152142.0 008 160914s1995 it u000 u ita r 020 $a88-420-4758-9* 032 $aLibriCat 040 $aPUL$bita 245 00$aRiforme elettorali /$cA. Agosta[et al.] ... ; a cura di Massimo Luciani e Mauro Volpi. 260 $aRoma ;$aBari :$bLaterza,$c©1995. 300 $a405 p. ;$c21 cm. 490 1 $aLibri del tempo ;$v251 650 4$aDemocrazia$xStudi.$0(OLS)http://pul/subject/39580 700 1 $aVolpi, Mauro.$0(OLS)http://pul/name/78877 700 1 $aAgosta, Antonio.$0(OLS)http://pul/name/97963 700 1 $aLuciani, Massimo.$0(OLS)http://pul/name/28941 830 0$aLibri del tempo (Laterza) ;$v251.$0(OLS)http://pul/title/7260 850 $aPUL 852 $aPUL$W1$xDP1 Fondo G. Barberini$y122$m4 C 11$j176889$qFondi$B179878$CPULBib$Z2$F179878 $HBar917 $81 941 1 $a1 996 $6020$a88-420-4758-9*$9(OLS)http://pul/number/161043 996 $6245$aRiforme elettorali$9(OLS)http://pul/title/193470 996 $6260$aRoma ;$aBari :$bLaterza$9(OLS)http://pul/publisher/57682